[Event "Lvov"]
[Site "Lvov"]
[Date "1988.??.??"]
[Round "?"]
[White "Moskalenko, Viktor"]
[Black "Mikhalchishin, Adrian"]
[Result "1-0"]
[WhiteElo "2440"]
[BlackElo "2490"]

1.d4 d5 2.c4 dxc4 3.e3 Nf6 4.Bxc4 e6 5.Nf3 c5 6.O-O a6 7.Bd3 cxd4 8.exd4 Be7
9.Nc3 b5 10.a4 b4 11.Ne4 Bb7 12.Nc5 Bxc5 13.dxc5 Qc7 14.Qb3 Qxc5 15.Be3 Qe7
16.Rfc1 Nbd7 17.Rc7 Bxf3 18.gxf3 Nd5 19.Rac1 O-O 20.R7c2 Ne5 21.Be4 Rad8
22.Kh1 Qf6 23.Bd4 Qf4 24.Rg1 f5 25.Be3 Nxe3 26.Qxe6+ Rf7 27.fxe3 Qxe3 28.Bd5 Kh8
29.Rc8 Rff8 30.Qe7 Qxg1+ 31.Kxg1 Rxc8 32.Qxe5 Rc2 33.h4 h6 34.h5 Rd8 35.Qe6 b3
36.Kf1 Rxb2 37.Qxf5 Ra2 38.Qe5 b2 39.Bxa2 Rd1+ 40.Ke2  1-0

[Event "Mendrisio op"]
[Site "Mendrisio"]
[Date "1988.??.??"]
[Round "5"]
[White "Mantovani, Renzo"]
[Black "Franic, Milan"]
[Result "1/2-1/2"]
[WhiteElo "2385"]
[BlackElo "2310"]

1.d4 d5 2.c4 dxc4 3.Nf3 Nf6 4.e3 e6 5.Bxc4 c5 6.O-O a6 7.Qe2 b5 8.Bd3 Nc6
9.Rd1 cxd4 10.a4 b4 11.exd4 Be7 12.Be3 Bb7 13.Nbd2 Na5 14.Nc4 O-O 15.Nfe5 Nxc4
16.Bxc4 a5 17.Rac1 Qd6 18.Bb3 Rfc8 19.Bf4 Qb6 20.Bg5  1/2-1/2

[Event "Moscow-A"]
[Site "Moscow"]
[Date "1988.??.??"]
[Round "?"]
[White "Kharitonov, Andrei Y"]
[Black "Drasko, Milan"]
[Result "1/2-1/2"]
[WhiteElo "2550"]
[BlackElo "2510"]

1.d4 d5 2.c4 dxc4 3.Nf3 Nf6 4.e3 e6 5.Bxc4 c5 6.O-O a6 7.a4 Nc6 8.Qe2 Qc7
9.Nc3 Bd6 10.Rd1 O-O 11.h3 Re8 12.Bd2 h6 13.Rac1 b6 14.d5 Nb4 15.dxe6 Bxe6
16.Be1 Bxc4 17.Qxc4 Re6 18.Nb1 Nc6 19.Nc3 Qb7  1/2-1/2

[Event "Moscow-A"]
[Site "Moscow"]
[Date "1988.??.??"]
[Round "?"]
[White "Vyzmanavin, Alexey"]
[Black "Drasko, Milan"]
[Result "1/2-1/2"]
[WhiteElo "2565"]
[BlackElo "2510"]

1.d4 d5 2.c4 dxc4 3.Nf3 Nf6 4.e3 e6 5.Bxc4 c5 6.O-O a6 7.a4 Nc6 8.Qe2 Qc7
9.Nc3 Bd6 10.Rd1 O-O 11.h3 h6 12.dxc5 Bxc5 13.e4 Nd7 14.Be3 b6 15.Rd2 Bb7
16.Rad1 Rfd8 17.Nd4 Nxd4 18.Bxd4 Bxd4 19.Rxd4 Nc5 20.Qd2 Rxd4 21.Qxd4 Bc6
22.Bf1 a5 23.Bb5 Nb7 24.Qc4 Rc8 25.f3 Bxb5 26.Qxc7 Rxc7 27.axb5 Kf8 28.Na4 Ke8
29.e5 Rc4 30.Nxb6 Rc5 31.Rd7 Nd8 32.Ra7 Rxb5 33.Nc4 Rb4 34.Nd6+ Kf8 35.Rxa5 Rxb2
36.Ra8 Ke7 37.Ra7+ Kf8 38.Rd7 Rb8 39.f4 f6 40.exf6 gxf6 41.Rh7 Rb4 42.Rd7 f5
43.Kh2 Nc6 44.Rf7+ Kg8 45.Rc7 Nd4 46.Nf7 Ne2 47.Nxh6+ Kf8 48.g4 fxg4 49.hxg4 Nxf4
50.Kg3 Ng6 51.Rf7+ Ke8 52.Rf6 Rb3+ 53.Kf2 Nf8  1/2-1/2

[Event "URS-ch sf"]
[Site "Moscow"]
[Date "1988.??.??"]
[Round "13"]
[White "Yanvarjov, Igor"]
[Black "Janovsky, Sergey"]
[Result "1/2-1/2"]
[WhiteElo "2325"]
[BlackElo "2400"]

1.d4 d5 2.c4 dxc4 3.Nf3 Nf6 4.e3 e6 5.Bxc4 c5 6.O-O a6 7.a4 cxd4 8.exd4 Nc6
9.Nc3 Be7 10.Be3 O-O 11.Ne5 Qc7 12.Nxc6 bxc6 13.a5 Bb7 14.Ne2  1/2-1/2

[Event "Munich"]
[Site "Munich"]
[Date "1988.??.??"]
[Round "?"]
[White "Hertneck, Gerald"]
[Black "Huebner, Robert"]
[Result "1/2-1/2"]
[WhiteElo "2465"]
[BlackElo "2595"]

1.d4 d5 2.c4 dxc4 3.Nf3 Nf6 4.e3 e6 5.Bxc4 c5 6.O-O a6 7.dxc5 Bxc5 8.Qe2 Qc7
9.Nbd2 Nbd7 10.a3 b5 11.Bd3 Bb7 12.b4 Bd6 13.Bb2 O-O 14.Rac1 Qb8 15.Bb1 a5
16.e4 e5 17.Bd3 axb4 18.axb4 Bxb4 19.Bxb5 Ra2 20.Rb1 Bxd2 21.Nxd2 Ba6 22.Bxa6 Rxb2
23.Bb5  1/2-1/2

[Event "Naleczow (Women)"]
[Site "Naleczow"]
[Date "1988.??.??"]
[Round "6"]
[White "Lissowska, Anna"]
[Black "Kasoshvili, Tsiala"]
[Result "0-1"]
[WhiteElo "2135"]
[BlackElo "2190"]

1.d4 d5 2.c4 dxc4 3.e3 Nf6 4.Bxc4 e6 5.Nf3 c5 6.O-O Nc6 7.Qe2 cxd4 8.Rd1 Bc5
9.exd4 Be7 10.Nc3 Nb4 11.Bg5 O-O 12.Rac1 a6 13.Ne5 b5 14.a3 bxc4 15.axb4 Qb6
16.Ne4 Nd5 17.Bxe7 Nxe7 18.Qxc4 Rb8 19.Qd3 f6 20.Rxc8 Rfxc8 21.Nd7 Qb5 22.Nxb8  0-1

[Event "New York op"]
[Site "New York"]
[Date "1988.??.??"]
[Round "?"]
[White "Barlov, Dragan"]
[Black "Dake, Arthur William"]
[Result "1-0"]
[WhiteElo "2520"]
[BlackElo "2335"]

1.d4 d5 2.c4 dxc4 3.e3 Nf6 4.Bxc4 e6 5.Nf3 c5 6.Qe2 a6 7.a4 Nc6 8.O-O cxd4
9.Rd1 Be7 10.exd4 Nb4 11.Nc3 O-O 12.Ne5 b6 13.Ne4 Nfd5 14.Ra3 f6 15.Nf3 Ra7
16.Ne1 f5 17.Nc3 Bg5 18.Bxg5 Qxg5 19.Bxd5 exd5 20.Nf3 Qd8 21.Ne5 Rc7 22.f4 a5
23.Raa1 Ba6 24.Qd2 Bc4 25.Rdc1 Qb8 26.Nd1 g6 27.Ne3 Rfc8 28.Rc3 Ba6 29.Rac1 Bb7
30.g4 fxg4 31.f5 Na2 32.Rxc7 Rxc7 33.Ra1 Nb4 34.f6 Bc8 35.Rf1 Be6 36.N3xg4 Bxg4
37.Nxg4 Rc8 38.f7+ Kh8 39.Qh6  1-0

[Event "New York op"]
[Site "New York"]
[Date "1988.??.??"]
[Round "?"]
[White "Dlugy, Maxim"]
[Black "Barlov, Dragan"]
[Result "1/2-1/2"]
[WhiteElo "2550"]
[BlackElo "2520"]

1.d4 d5 2.c4 dxc4 3.Nf3 Nf6 4.e3 e6 5.Bxc4 c5 6.dxc5 Qxd1+ 7.Kxd1 Bxc5 8.a3 Ke7
9.Ke2 Bd7 10.Ne5 Rc8 11.Nxd7 Nbxd7 12.Nd2 Bd6 13.b3 a6 14.a4 Bb4 15.Bb2 Nc5
16.f3 Ne8 17.Ba3 Bxa3 18.Rxa3 Nd6 19.a5 Nd7 20.f4 Rc5 21.Bd3 Rac8 22.b4 Rc1
23.Rxc1 Rxc1 24.Ne4 f5 25.Nxd6 Kxd6 26.e4 g6 27.Ke3 Nb8 28.b5 axb5 29.Bxb5 Re1+
30.Be2 fxe4 31.Rb3 Kc7 32.Rb4 Nc6 33.Rxe4 Kd6 34.Ra4 Kc5 35.Kf2 Rb1 36.a6 bxa6
37.Rxa6 Rb2 38.Kf1 Nd4 39.Ra5+ Kd6 40.Re5 g5 41.g3 gxf4 42.gxf4 Nxe2 43.Rxe2 Rb4
44.Rf2 Ke7 45.f5 e5 46.f6+ Kf7 47.Kg2 Rg4+ 48.Kh3 Rg8 49.Kh4 e4 50.Re2  1/2-1/2

[Event "Tatran Cup"]
[Site "Stary Smokovec"]
[Date "1988.??.??"]
[Round "7"]
[White "Tibensky, Robert"]
[Black "Sapi, Laszlo"]
[Result "1/2-1/2"]
[WhiteElo "2400"]
[BlackElo "2350"]

1.d4 d5 2.c4 dxc4 3.Nf3 Nf6 4.e3 e6 5.Bxc4 c5 6.O-O a6 7.a4 Nc6 8.Qe2 Be7
9.Rd1 Qc7 10.Nc3 O-O 11.b3 Rd8 12.Bb2 Bd7 13.Rac1 Be8 14.dxc5 Bxc5 15.Ng5 Rac8
16.Rxd8 Rxd8 17.Nce4 Be7 18.Rd1 Qa5 19.Qf3 Nxe4 20.Nxe4 Qf5  1/2-1/2

[Event "URS Cup rapid"]
[Site "Tallinn"]
[Date "1988.??.??"]
[Round "3"]
[White "Mikhalchishin, Adrian"]
[Black "Vladimirov, Evgeny"]
[Result "1-0"]
[WhiteElo "2490"]
[BlackElo "2525"]

1.d4 d5 2.c4 dxc4 3.Nf3 Nf6 4.e3 e6 5.Bxc4 c5 6.O-O a6 7.a4 Nc6 8.Qe2 Be7
9.Rd1 Qc7 10.Nc3 O-O 11.h3 b6 12.d5 exd5 13.Bxd5 Bb7 14.e4 Rad8 15.Bg5 h6
16.Bh4 Nb4 17.Bg3 Qc8 18.Bc4 Nh7 19.Ne5 Bf6 20.Rxd8 Qxd8 21.Rd1 Qc8 22.Nd7 Rd8
23.Nxb6 Qc6 24.Nbd5 a5 25.Qh5 Rf8 26.e5 Bd8 27.Bh4 Bxh4 28.Qxh4 Re8 29.Qg3 Kh8
30.Nf4 Ng5 31.h4 Rxe5 32.hxg5 Rxg5 33.Qh3 Qf6 34.Ncd5 Nxd5 35.Bxd5 Qxb2 36.Bxb7 Qxb7
37.Rd8+ Kh7 38.Qd3+ f5 39.Qc4  1-0

[Event "URS Cup rapid"]
[Site "Tallinn"]
[Date "1988.??.??"]
[Round "5"]
[White "Gavrikov, Viktor"]
[Black "Vladimirov, Evgeny"]
[Result "1-0"]
[WhiteElo "2545"]
[BlackElo "2525"]

1.Nf3 d5 2.d4 Nf6 3.c4 dxc4 4.e3 e6 5.Bxc4 c5 6.Qe2 a6 7.a4 Nc6 8.O-O Be7
9.Rd1 Qc7 10.Nc3 O-O 11.h3 b6 12.d5 exd5 13.Bxd5 Bb7 14.e4 Rad8 15.Bg5 Nb4
16.Bxb7 Qxb7 17.e5 Nh5 18.Ne4 Rxd1+ 19.Rxd1 h6 20.Bxe7 Qxe7 21.Rd6 Nf4 22.Qd2 Ng6
23.Rxb6 Nxe5 24.Nxe5 Qxe5 25.Nxc5 a5 26.Nd7 Rd8 27.Nxe5 Rxd2 28.Nc4 Rc2 29.Nxa5 Nd3
30.b4 Ra2 31.Nc6 Rxa4 32.b5 Ra2 33.Rb8+ Kh7 34.b6 Rb2 35.Nd8 Nc5 36.Rc8 Rb5
37.h4 Kg6 38.Rc6+ f6 39.f3 h5 40.Kh2 Kf5  1-0

[Event "URS Cup rapid"]
[Site "Tallinn"]
[Date "1988.??.??"]
[Round "6"]
[White "Kuzmin, Gennadi P"]
[Black "Mikhalchishin, Adrian"]
[Result "1/2-1/2"]
[WhiteElo "2475"]
[BlackElo "2490"]

1.d4 d5 2.c4 dxc4 3.e3 Nf6 4.Bxc4 e6 5.Nf3 c5 6.O-O a6 7.Bd3 cxd4 8.exd4 Be7
9.Nc3 b5 10.a4 b4 11.Ne4 Bb7 12.Qe2 O-O 13.Rd1 Nxe4 14.Bxe4 Bxe4 15.Qxe4 Nd7  1/2-1/2

[Event "Thessaloniki ol (Men)"]
[Site "Thessaloniki"]
[Date "1988.??.??"]
[Round "6"]
[White "Tatai, Stefano"]
[Black "Lev, Ronen"]
[Result "1-0"]
[WhiteElo "2365"]
[BlackElo "2415"]

1.d4 d5 2.c4 dxc4 3.Nf3 Nf6 4.e3 e6 5.Bxc4 c5 6.O-O a6 7.dxc5 Qxd1 8.Rxd1 Bxc5
9.a3 O-O 10.b4 Be7 11.Bb2 a5 12.bxa5 Rxa5 13.Nbd2 Nbd7 14.Nb3 Ra8 15.a4 Nb6
16.Bb5 Bd7 17.Bxd7 Nbxd7 18.Ne5 Nxe5 19.Bxe5 Rfc8 20.Rdc1 Nd5 21.Rxc8+ Rxc8
22.Rc1 Rxc1+ 23.Nxc1 f6 24.Bd4 e5 25.e4 exd4 26.exd5 Kf7 27.Kf1 Bb4 28.Ke2 Ke7
29.Kd3 Ba3 30.Nb3 Kd6 31.Kxd4 Bb4 32.Kc4 Be1 33.Nc5 b6 34.Ne4+ Ke5 35.f3 h6
36.d6 Ke6 37.Kb5 f5 38.Ng3 Bf2 39.Kc6 Bc5 40.d7 Be7 41.f4  1-0

[Event "Tirnavia-B"]
[Site "Trnava"]
[Date "1988.??.??"]
[Round "4"]
[White "Plachetka, Jan"]
[Black "Mikhalchishin, Adrian"]
[Result "0-1"]
[WhiteElo "2415"]
[BlackElo "2490"]

1.d4 d5 2.c4 dxc4 3.e3 Nf6 4.Bxc4 c5 5.Nf3 e6 6.O-O a6 7.a4 Nc6 8.Qe2 Qc7
9.Nc3 Be7 10.Rd1 O-O 11.d5 exd5 12.Nxd5 Nxd5 13.Bxd5 Bf6 14.Nd2 Nb4 15.Bb3 Bf5
16.Qf3 Bg6 17.Nc4 Nc2 18.Ra2 Nb4 19.Ra1 Rad8 20.a5 Rxd1+ 21.Qxd1 Rd8 22.Bd2 Nd3
23.Ra2 Nxf2 24.Kxf2 Qxh2 25.Qg4 Bh4+ 26.Kf3 Be1 27.Qg5 Bh5+ 28.Ke4 Bg6+ 29.Kf3 Bh5+
30.Ke4 f5+ 31.Kxf5 Rd5+ 32.Ke4 Rxg5 33.Bxe1 Qxg2+ 34.Kd3 Bf7  0-1

[Event "Uzhgorod"]
[Site "Uzhgorod"]
[Date "1988.??.??"]
[Round "?"]
[White "Eingorn, Vereslav S"]
[Black "Stempin, Pawel"]
[Result "1-0"]
[WhiteElo "2560"]
[BlackElo "2435"]

1.d4 d5 2.c4 dxc4 3.e3 Nf6 4.Bxc4 e6 5.Nf3 c5 6.O-O a6 7.a4 cxd4 8.exd4 Nc6
9.Nc3 Be7 10.Re1 O-O 11.Bg5 h6 12.Bh4 Nh5 13.Bxe7 Nxe7 14.d5 Nxd5 15.Nxd5 exd5
16.Qxd5 Qxd5 17.Bxd5 Nf4 18.Be4 Rb8 19.Rad1 Ne6 20.Ne5 Nc5 21.Bd5 Nxa4 22.Ng6 Nb6
23.Bb3 Bd7 24.Nxf8 Kxf8 25.f3 Bc6 26.Rd4 Be8 27.Rc1 Bc6 28.Rcd1 Ke7 29.Rg4 g6
30.Rf4 Be8 31.Re1+ Kf8 32.Rc1 Rc8 33.Rxc8 Nxc8 34.Re4 Nd6 35.Re1 Bb5 36.Bd5 a5
37.Rc1 Ke8 38.Rc5 Ke7 39.Bxb7  1-0

[Event "Nordic-tt"]
[Site "Aabybro"]
[Date "1989.??.??"]
[Round "?"]
[White "Bern, Ivar"]
[Black "Schlosser, Philipp"]
[Result "0-1"]
[WhiteElo "2355"]
[BlackElo "2475"]

1.d4 d5 2.c4 dxc4 3.Nf3 e6 4.e3 Nf6 5.Bxc4 c5 6.O-O a6 7.Bd3 cxd4 8.exd4 Nc6
9.a3 Be7 10.Nc3 O-O 11.Re1 b5 12.b4 Bb7 13.Bb2 a5 14.bxa5 b4 15.axb4 Nxb4
16.a6 Nxa6 17.Bb1 Nb4 18.Na4 Bd5 19.Ne5 Rb8 20.Nc5 Qc7 21.Qd2 Rfd8 22.Rc1 Bxc5
23.Rxc5 Qb7 24.f3 Nc6 25.Nxc6 Bxc6 26.Bc1 Ra8 27.Rxa8 Rxa8 28.Qc2 Ba4 29.Qd3 h6
30.Bf4 Bc6 31.Be5 Ra1 32.Rc1 Qb2 33.Re1 Ra3 34.Qd1 Nd5 35.Qc2 Qxc2 36.Bxc2 Nb4
37.Be4 Bxe4 38.fxe4 Nd3 39.Bd6 Ra4 40.Rd1 Rxd4 41.Bg3 Rd7 42.Kf1 e5 43.Rd2 f6
44.Ke2 Nc1+ 45.Kd1 Rc7 46.Rc2 Rxc2 47.Kxc2 Ne2 48.Bf2 Nf4 49.g3 Nh3 50.Be3 Kf7
51.Kd3 Ke6 52.Bc5 h5 53.Be3 f5 54.exf5+ Kxf5 55.Bc5 g5 56.Ke3 g4 57.Be7 Ke6
58.Bd8 Kd5 59.Be7 Ng1 60.Bd8 Nf3 61.h3 Nd4 62.hxg4 hxg4  0-1

[Event "FRG-ch"]
[Site "Bad Neuenahr"]
[Date "1989.??.??"]
[Round "?"]
[White "Wegner, Hannu"]
[Black "Mainka, Romuald"]
[Result "1-0"]
[WhiteElo "2350"]
[BlackElo "2410"]

1.d4 d5 2.c4 dxc4 3.e3 Nf6 4.Bxc4 e6 5.Nf3 c5 6.O-O a6 7.a4 Nc6 8.Qe2 Be7
9.dxc5 Bxc5 10.e4 Ng4 11.e5 Nd4 12.Nxd4 Qxd4 13.Na3 Nxf2 14.Rxf2 O-O 15.Nc2 Qxf2+
16.Qxf2 Bxf2+ 17.Kxf2 Bd7 18.Nd4 Rfc8 19.Bb3 Rc5 20.Nf3 Rac8 21.Bd2 h6 22.Bc3 Rxc3
23.bxc3 Rxc3 24.Bd1 Rc5 25.Rb1 b5 26.axb5 axb5 27.Be2 g5 28.h3 Kg7 29.Rb2 Be8
30.Bd3 Bd7 31.Rc2 Rxc2+ 32.Bxc2 f6 33.Ke3 h5 34.Bd3 b4 35.Bc4 g4 36.hxg4 hxg4
37.Nd4 fxe5 38.Nxe6+ Kf6 39.Nc5 Bc6 40.g3  1-0

[Event "Belgrade op"]
[Site "Belgrade"]
[Date "1989.??.??"]
[Round "4"]
[White "Petronic, Jovan"]
[Black "Vujicic, Mirko"]
[Result "0-1"]
[WhiteElo "2365"]
[BlackElo "2345"]

1.d4 d5 2.c4 dxc4 3.Nf3 Nf6 4.e3 e6 5.Bxc4 c5 6.O-O a6 7.Qe2 Nc6 8.Nc3 Qc7
9.a3 b5 10.Ba2 Bb7 11.h3 Be7 12.dxc5 Bxc5 13.b4 Be7 14.Bb2 O-O 15.Rac1 Qb6
16.Ng5 a5 17.bxa5 Rxa5 18.Nce4 Nxe4 19.Nxe4 b4 20.a4 Ne5 21.Bxe5 Rxe5 22.Nd2 Rg5
23.Nf3 Ra5 24.Bb3 Ba6 25.Bc4 Rxa4 26.Nd4 Bf6 27.Bxa6 Qxa6 28.Qxa6 Rxa6 29.Rfd1 Rd8
30.Nb3 Rxd1+ 31.Rxd1 g6 32.Kf1 Bc3 33.Rb1 Kf8 34.Nc5 Ra5 35.Nd3 Rb5 36.Rb3 Ke7
37.Nc1 Rd5 38.Rb1 Rd1+ 39.Ke2 Rd2+ 40.Kf3 Rd1 41.Ke2 Re1+ 42.Kd3 Kd6 43.Kc2 Kd5
44.Nd3 Rxb1 45.Kxb1 Kc4 46.Nc1 Be1 47.Kc2 Bxf2 48.Nd3 Bxe3 49.Ne5+ Kd5 50.Nxf7 e5
51.g4 e4 52.h4 Bf4 53.h5 gxh5  0-1

[Event "Biel op"]
[Site "Biel"]
[Date "1989.??.??"]
[Round "2"]
[White "Cvitan, Ognjen"]
[Black "Werner, Dimo"]
[Result "0-1"]
[WhiteElo "2515"]
[BlackElo "2390"]

1.d4 d5 2.c4 dxc4 3.Nf3 Nf6 4.e3 e6 5.Bxc4 c5 6.O-O a6 7.a4 Nc6 8.Qe2 Qc7
9.Nc3 b6 10.d5 Na5 11.Ba2 exd5 12.Nxd5 Nxd5 13.Bxd5 Bb7 14.e4 Be7 15.Ng5 Bxd5
16.exd5 O-O 17.Ra3 Bxg5 18.Bxg5 Rfe8 19.Qg4 Qd6 20.Rd3 Qg6 21.Qg3 Nc4 22.d6 Ne5
23.Rd5 f6 24.Be3 Qxg3 25.hxg3 a5 26.d7 Red8 27.Rd6 Nc4 28.Rd5 Ra7 29.Bc1 Raxd7
30.Rxd7 Rxd7 31.g4 Ne5 32.g5 Rd4 33.gxf6 gxf6 34.Be3 Rb4  0-1

[Event "Spring op"]
[Site "Budapest"]
[Date "1989.??.??"]
[Round "?"]
[White "Moskalenko, Viktor"]
[Black "Sapi, Laszlo"]
[Result "1/2-1/2"]
[WhiteElo "2490"]
[BlackElo "2340"]

1.d4 d5 2.c4 dxc4 3.Nf3 Nf6 4.e3 c5 5.Bxc4 e6 6.O-O a6 7.Bd3 Nc6 8.Nc3 Be7
9.dxc5 Bxc5 10.a3 O-O 11.b4 Bd6 12.Ne4 Nxe4 13.Bxe4 Qe7 14.Bb2 Bd7 15.Qd3 Rad8
16.Bxh7+ Kh8 17.Qc2 f5 18.Bg6 Rf6 19.Nh4 Rff8 20.g3 Qg5 21.Qd1 Be8 22.Bxe8 Bxg3
23.Qh5+ Qxh5 24.Bxh5 Bxh4 25.Rad1 Rxd1 26.Rxd1 Rd8 27.Rxd8+ Nxd8 28.Kf1 Kh7
29.Be8 Be7 30.Ke2 Kg8 31.f4 Kf8 32.Bd7 Kf7 33.Bd4 a5 34.bxa5 Bxa3 35.Kd3 Bb4
36.Bb6 Ke7 37.Ba4 Nf7 38.Bd4 g6 39.Bc3 Bc5 40.e4 Nd6 41.e5 Ne4 42.Be1 Bg1  1/2-1/2

[Event "Noviki-A"]
[Site "Budapest"]
[Date "1989.??.??"]
[Round "?"]
[White "Hoi, Carsten"]
[Black "Mikhalchishin, Adrian"]
[Result "0-1"]
[WhiteElo "2460"]
[BlackElo "2475"]

1.d4 d5 2.c4 dxc4 3.Nf3 Nf6 4.e3 e6 5.Bxc4 c5 6.O-O a6 7.Qe2 b5 8.Bb3 Bb7
9.Nc3 Nbd7 10.Rd1 Qb6 11.d5 Nxd5 12.Nxd5 Bxd5 13.Bxd5 exd5 14.Rxd5 Be7 15.e4 Qb7
16.Bg5 f6 17.Bf4 O-O 18.Nh4 Nb6 19.Rd3 Rfe8 20.Nf5 Bf8 21.Re1 Rad8 22.Rxd8 Rxd8
23.h4 Nc4 24.h5 Re8 25.b3 Ne5 26.Bxe5 Rxe5 27.Qg4 c4 28.bxc4 bxc4 29.Rd1 Kf7
30.Ng3 Qc6 31.f4 Re6 32.h6 g6 33.f5 Rd6 34.fxg6+ hxg6 35.Rxd6 Bxd6 36.h7 Bxg3
37.Qxg3 Kg7 38.Qxg6+ Kxg6 39.h8=Q c3 40.Qg8+ Kh6 41.Kh2 Qxe4 42.Qd8 Qc6 43.Qf8+ Kg6
44.Qg8+ Kh6 45.Qh8+ Kg6 46.Qg8+ Kf5 47.Qg7 Ke5 48.Qe7+ Kd4 49.Qd8+ Ke3 50.Qe7+ Kf2
51.Qa7+ Kf1 52.Qg1+ Ke2 53.Qd4 c2 54.Qg4+ Kd2 55.Qd4+ Ke2 56.Qg4+ Kd3 57.Qg3+ Kd2
58.Qf4+ Kc3 59.Qc1 Qd6+ 60.Kh3 Qd3+ 61.g3 Qd7+ 62.g4 Qd4 63.Kg3 Qe5+ 64.Kh3 a5
65.a4 Kb3 66.Kg2 Qb2 67.Qe3+ Ka2  0-1

[Event "Cheliabinsk"]
[Site "Cheliabinsk"]
[Date "1989.??.??"]
[Round "?"]
[White "Ivanov, Jordan"]
[Black "Micic, Cedomir"]
[Result "1/2-1/2"]
[WhiteElo "2300"]
[BlackElo "2305"]

1.Nf3 d5 2.d4 Nf6 3.c4 dxc4 4.e3 e6 5.Bxc4 c5 6.O-O a6 7.dxc5 Qxd1 8.Rxd1 Bxc5
9.b3 Nbd7 10.Bb2 Ke7 11.Nbd2 b5 12.Be2 Bb7 13.a4 b4 14.Nc4 Rhc8 15.Rac1 Bd5
16.Nd4 g6 17.Na5 Ne4 18.Bc4 Nb6 19.Bxd5 Nxd5 20.Ndc6+ Ke8 21.Rc4 Nxe3 22.fxe3 Bxe3+
23.Kf1 Nd2+ 24.Rxd2 Bxd2 25.Ke2 Bg5 26.Rxb4 Bd8 27.Be5 Bxa5 28.Nxa5 Rc2+
29.Kf3 Rac8 30.Rb7 R8c5 31.Rb8+ Kd7 32.Rb7+ Kc8 33.Rb8+ Kd7 34.Rb7+  1/2-1/2

[Event "Copenhagen op"]
[Site "Copenhagen"]
[Date "1989.??.??"]
[Round "8"]
[White "Hansen, Lars Bo"]
[Black "Komljenovic, Davor"]
[Result "1/2-1/2"]
[WhiteElo "2540"]
[BlackElo "2465"]

1.Nf3 d5 2.d4 Nf6 3.c4 dxc4 4.e3 e6 5.Bxc4 c5 6.O-O a6 7.a4 Nc6 8.Nc3 Be7
9.Qe2 O-O 10.Rd1 cxd4 11.exd4 Nb4 12.Ne5 Bd7 13.Bg5 Bc6 14.Nxc6 bxc6 15.a5 Qc7
16.Ra4 Qb7 17.Bxf6 Bxf6 18.Ne4 Be7 19.Nc5 Bxc5 20.dxc5 Nd5 21.Rc1 Rfb8 22.b3 Rd8
23.g3 Rd7 24.Raa1 g6 25.h4 h5 26.Kh1 Qb8 27.Bxa6 Rda7 28.Bc4 Rxa5 29.Rxa5 Rxa5
30.Bxd5 exd5 31.Kg2 Rb5 32.Rc3  1/2-1/2

[Event "Eger op"]
[Site "Eger"]
[Date "1989.??.??"]
[Round "?"]
[White "Seres, Lajos"]
[Black "Orso, Miklos"]
[Result "1-0"]
[WhiteElo "2200"]
[BlackElo "2360"]

1.Nf3 d5 2.d4 Nf6 3.c4 dxc4 4.e3 c5 5.Bxc4 e6 6.O-O a6 7.a4 Nc6 8.Qe2 Be7
9.Rd1 O-O 10.Nc3 Qb6 11.b3 Rd8 12.Bb2 Bd7 13.dxc5 Bxc5 14.Ng5 Ne5 15.Nce4 Nxe4
16.Nxe4 Nxc4 17.Qxc4 Be7 18.Ng3 Qb4 19.Qxb4 Bxb4 20.Nh5 e5 21.Bxe5 Bg4 22.Rxd8+ Rxd8
23.Ng3 Rd1+ 24.Rxd1 Bxd1 25.Ne4 Bxb3 26.Bc3 Bxc3 27.Nxc3 Kf8 28.Kf1 Ke7 29.Ke2 Kd6
30.Kd3 Kc5 31.Ne4+ Kb4  1-0

[Event "Frunze op"]
[Site "Frunze"]
[Date "1989.??.??"]
[Round "?"]
[White "Nenashev, Alexander"]
[Black "Tabatadze, Tamaz"]
[Result "0-1"]
[WhiteElo "2435"]
[BlackElo "2365"]

1.d4 d5 2.c4 c6 3.Nf3 Nf6 4.e3 e6 5.Bd3 dxc4 6.Bxc4 c5 7.O-O a6 8.a4 Nc6
9.Qe2 cxd4 10.Rd1 Be7 11.exd4 O-O 12.Nc3 Nb4 13.Bg5 Bd7 14.d5 exd5 15.Nxd5 Nbxd5
16.Bxd5 Nxd5 17.Rxd5 Bxg5 18.Nxg5 h6 19.Qd2 hxg5 20.Rxd7 Qf6 21.Rxb7 Rfd8
22.Qb4 Rd4 23.Qe1 Rad8 24.a5 Rd2 25.Rb6 Qd4 26.b3 Rc8 27.Ra4 Rc1  0-1

[Event "Groningen op"]
[Site "Groningen"]
[Date "1989.??.??"]
[Round "3"]
[White "Moskalenko, Viktor"]
[Black "Szymczak, Zbigniew"]
[Result "1/2-1/2"]
[WhiteElo "2490"]
[BlackElo "2400"]

1.d4 d5 2.c4 dxc4 3.Nf3 Nf6 4.e3 e6 5.Bxc4 c5 6.O-O a6 7.Bd3 Nbd7 8.Qe2 Be7
9.Rd1 Qc7 10.Nbd2 O-O 11.e4 cxd4 12.e5 Nd5 13.Nb3 b6 14.Bd2 Nc5 15.Rac1 Qd7
16.Nxc5 bxc5 17.Ng5 g6 18.Ne4 Qc7 19.Nxc5 Bxc5 20.b4 Nc3 21.Bxc3 dxc3 22.bxc5 Qxc5
23.Qe1 Bb7 24.Qxc3 Qxc3 25.Rxc3 Rfd8 26.Rb1 Rxd3 27.Rxd3 Be4 28.Rbd1 Bxd3
29.Rxd3 Rc8 30.Kf1 Rc5 31.f4 Rc4 32.g3 Rc2 33.Ra3 Rxh2  1/2-1/2

[Event "EU-chT"]
[Site "Haifa"]
[Date "1989.??.??"]
[Round "3"]
[White "Bellon Lopez, Juan Manuel"]
[Black "Bruk, Ofer"]
[Result "1/2-1/2"]
[WhiteElo "2450"]
[BlackElo "2430"]

1.d4 d5 2.Nf3 c5 3.e3 Nf6 4.c4 dxc4 5.Bxc4 e6 6.O-O Nc6 7.Nc3 Be7 8.a3 a6
9.dxc5 Bxc5 10.Qc2 O-O 11.b4 Bd6 12.Ne4 Ne5 13.Nxd6 Nxf3+ 14.gxf3 Qxd6 15.Bb2 b5
16.Bd3 e5 17.Rfd1 Qe6 18.Qc7 Re8 19.Rac1 Re7 20.Qc5 Bb7 21.Bf5 Qxf5 22.Qxe7 Bd5
23.Rxd5 Nxd5 24.Qxe5 Qxe5 25.Bxe5 Nb6 26.f4 Nc4 27.a4 f6 28.Bd4 Kf7 29.Ra1 Rb8
30.axb5 Rxb5 31.Rxa6 Rxb4 32.Ra7+ Kg8 33.Kg2 Rb8 34.Rd7 Rc8 35.e4 Rc6 36.e5 fxe5
37.fxe5 Nb6 38.Bxb6 Rxb6 39.h4 Rb4 40.Kg3 Re4 41.f4 h5 42.Kf3 Re1 43.Rd4 g6
44.Rd6 Kg7 45.Rf6 Rh1 46.Kg3 Rg1+ 47.Kh2 Rg4 48.Kh3 Rg1 49.f5 gxf5 50.Rxf5 Kg6
51.Rf6+ Kg7 52.Rf3 Kg6 53.Rf4 Re1 54.Rf6+ Kg7 55.Rf5 Kg6 56.Rg5+ Kf7 57.Rxh5 Ke6
58.Rh6+ Kxe5 59.Kg4 Rg1+ 60.Kh5 Kf5  1/2-1/2

[Event "JUG-ch"]
[Site "?"]
[Date "1989.??.??"]
[Round "?"]
[White "Paunovic, Dragan"]
[Black "Drasko, Milan"]
[Result "1/2-1/2"]
[WhiteElo "2460"]
[BlackElo "2505"]

1.d4 d5 2.c4 dxc4 3.Nf3 Nf6 4.e3 e6 5.Bxc4 c5 6.O-O a6 7.Bd3 cxd4 8.exd4 Be7
9.Nc3 Nc6 10.Bg5 O-O 11.Rc1 Qa5  1/2-1/2

[Event "Karvina op"]
[Site "Karvina"]
[Date "1989.??.??"]
[Round "11"]
[White "Chmiel, Pavel"]
[Black "Vavruska, David"]
[Result "1/2-1/2"]
[WhiteElo "2240"]
[BlackElo "2300"]

1.d4 d5 2.c4 dxc4 3.Nf3 Nf6 4.e3 e6 5.Bxc4 c5 6.O-O a6 7.dxc5 Qxd1 8.Rxd1 Bxc5
9.b3 Nc6 10.Bb2 Be7 11.Nc3 O-O  1/2-1/2

[Event "Leningrad2"]
[Site "Leningrad"]
[Date "1989.??.??"]
[Round "?"]
[White "Epishin, Vladimir"]
[Black "Khenkin, Igor"]
[Result "1/2-1/2"]
[WhiteElo "2460"]
[BlackElo "2445"]

1.d4 d5 2.c4 dxc4 3.e3 Nf6 4.Bxc4 e6 5.Nf3 c5 6.O-O a6 7.a4 Nc6 8.Nc3 Be7
9.Qe2 cxd4 10.Rd1 e5 11.exd4 exd4 12.Nxd4 Nxd4 13.Qe5 Qd6 14.Qxd6 Bxd6 15.Rxd4 Be5
16.Rd1 O-O 17.Be3 Bg4 18.f3 Rac8 19.Bd4 Rxc4 20.Bxe5 Be6 21.Rd4 Rxd4 22.Bxd4  1/2-1/2

[Event "Lenk op"]
[Site "Lenk"]
[Date "1989.??.??"]
[Round "?"]
[White "Barlov, Dragan"]
[Black "Gheorghiu, Florin"]
[Result "1/2-1/2"]
[WhiteElo "2490"]
[BlackElo "2515"]

1.d4 d5 2.Nf3 Nf6 3.c4 dxc4 4.e3 e6 5.Bxc4 c5 6.O-O a6 7.a4 Nc6 8.Qe2 Qc7
9.Nc3 Bd6 10.h3 O-O  1/2-1/2

[Event "Leon"]
[Site "Leon"]
[Date "1989.??.??"]
[Round "?"]
[White "Pinter, Jozsef"]
[Black "Franco Ocampo, Zenon"]
[Result "1-0"]
[WhiteElo "2550"]
[BlackElo "2490"]

1.d4 d5 2.c4 dxc4 3.Nf3 Nf6 4.e3 e6 5.Bxc4 c5 6.O-O a6 7.a4 Nc6 8.Qe2 Qc7
9.Nc3 Bd6 10.Rd1 O-O 11.h3 Re8 12.dxc5 Bxc5 13.e4 Nd7 14.Ba2 b6 15.e5 Bb7
16.Bf4 Nb4 17.Bb1 Rad8 18.Ne4 f5 19.Nxc5 Nxc5 20.Bc2 Nxc2 21.Qxc2 Bxf3 22.gxf3 Rxd1+
23.Rxd1 Qc6 24.a5 Qxf3 25.axb6 Ne4 26.Be3 f4 27.Rd3 Ng5 28.Bc5 Qc6 29.Rd6 Nf3+
30.Kf1 Qb5+ 31.Qd3 Nd2+ 32.Kg1 Qxc5 33.Qxd2 Qxe5 34.b7 Qf6 35.Qc3 Qg5+ 36.Kh2 Qh4
37.Qf3 Kf7 38.Rd7+  1-0

[Event "London NWYM"]
[Site "London"]
[Date "1989.??.??"]
[Round "?"]
[White "Levitt, Jonathan"]
[Black "Murshed, Niaz"]
[Result "1/2-1/2"]
[WhiteElo "2495"]
[BlackElo "2475"]

1.d4 d5 2.c4 dxc4 3.Nf3 Nf6 4.e3 e6 5.Bxc4 c5 6.O-O a6 7.Qe2 b5 8.Bb3 Bb7
9.Nc3 Nbd7 10.Rd1 Qb8 11.d5 exd5 12.Nxd5 Nxd5 13.Bxd5 Bxd5 14.Rxd5 Qb7 15.e4 Be7
16.Bg5 Nb6 17.Re1 O-O 18.Bxe7 Qxe7 19.Re5 Qc7 20.Rg5 f6 21.Rg3 Rae8 22.Qc2  1/2-1/2

[Event "Lugano op"]
[Site "Lugano"]
[Date "1989.??.??"]
[Round "4"]
[White "Giffard, Nicolas"]
[Black "Lev, Ronen"]
[Result "0-1"]
[WhiteElo "2345"]
[BlackElo "2415"]

1.d4 d5 2.c4 dxc4 3.e3 Nf6 4.Bxc4 e6 5.Nf3 c5 6.O-O a6 7.Qe2 b5 8.Bd3 Nc6
9.Nc3 Bb7 10.Rd1 Qc7 11.a3 c4 12.Bc2 e5 13.d5 Na5 14.e4 Bd6 15.Nh4 g6 16.Bh6 Nd7
17.Nf3 f6 18.Rac1 Nc5 19.Be3 Bc8 20.Nd2 h5 21.Ncb1 Qe7 22.Kh1 Rb8 23.Bxc5 Bxc5
24.b4 cxb3 25.Nxb3 Nxb3 26.Bxb3 Bd6 27.Qe3 Kf8 28.a4 Kg7 29.axb5 axb5 30.h3 Bd7
31.Nc3 Rhc8 32.Ne2 Rb7 33.Ra1 Bc5 34.Qg3 Qd6 35.f4 Re8 36.f5 g5 37.h4 g4
38.Qe1 Qb6 39.Ng3 Bf2 40.Qc3 b4 41.Qd3 Bb5 42.Nxh5+ Kh6 43.Qxb5 Qxb5 44.Nxf6 Kg7
45.Nh5+ Kh6 46.Nf6 Kg7 47.Nh5+ Kf8 48.Nf6 Bxh4 49.Nxe8 Rh7  0-1